000 00957cam a22003137a 4500
003 CHAP
005 20220817043829.0
008 020404d2000 us a r 00110 eng d
010 _a85568
011 _a86540
020 _a030646294X
035 _a97079
040 _cCHAP
082 0 4 _a581.55724
_bM8
100 0 0 _aMukerji, K. G.
_eed.
245 1 0 _aMycorrhizal biology
_c/ed. by K.G. Mukerji, B.P. Chamola & Jagjit Singh
260 _aNew York, N.Y.:
_bKluwer Academic,
_c2000.
300 _a336 p. :
_bilus.
590 _aBATCH-UPD
_b10
_c20130110
_lUCH01
_h0350
590 _aBATCH-UPD
_b10
_c20130110
_lUCH01
_h2243
590 _aCONVERSION
_b10
_c20130109
_lUCH01
_h1348
650 1 4 _aMicorriza.
_975486
700 0 0 _aChamola, B.P.
_eed.
_921785
700 0 0 _aSingh, Jagjit
_eed.
_9106615
901 _aBK
905 _aMayto Villalobos S.
942 _cLIBRO
949 _a581.55724 M8
_bBC
_cLIBRO
_d33724000865614
_eLIBRO
_h102265
_i97079
_k|
_si
_t$1486
999 _c85568
_d85568